| 000 | 01276nab a22002657a 4500 | ||
|---|---|---|---|
| 999 |
_c5908 _d5908 |
||
| 003 | OSt | ||
| 005 | 20260110015059.0 | ||
| 008 | 190605e xxu||||| |||| 00| 0 spa d | ||
| 040 | _cPJ | ||
| 100 |
_96775 _aCalligaro, Cynthia P. |
||
| 245 | 1 | 0 |
_aNueva tendencia global : _b¿cómo funciona la visa para los nómades digitales implementada por Argentina? / _cCynthia P. Calligaro, Walter Mañko, Juan Antonio Fernández Legrand. |
| 260 |
_aCiudad Autónoma de Buenos Aires : _bThomson Reuters La Ley, _c2023. |
||
| 300 | _ap. 36-40 | ||
| 500 | _aCita: TR LALEY AR/DOC/2530/2023. | ||
| 505 | _aSumario: I. Introducción.— II. Aspectos migratorios.— III. Aspectos fiscales.— IV. Aspectos laborales y de la seguridad social.— V. Conclusiones. | ||
| 505 | _t¿Te interesa el texto completo? Solicitalo al correo: koha@justierradelfuego.gov.ar | ||
| 650 | 0 |
_91316 _aDERECHO LABORAL |
|
| 650 | 0 |
_9289 _aTECNOLOGIA DE LA INFORMACION |
|
| 650 | 0 |
_95817 _aINTELIGENCIA ARTIFICIAL |
|
| 650 | 0 |
_9273 _aDERECHO INFORMATICO |
|
| 650 | 0 |
_94439 _aTELETRABAJO |
|
| 650 | 0 |
_91323 _aCONTRATO DE TRABAJO |
|
| 773 | 0 |
_02711 _93168 _dCiudad Autónoma de Buenos Aires : Thomson Reuters La Ley, 1999-2002. _tRevista de derecho del trabajo. Nº 6 - Noviembre 2023 |
|
| 942 |
_2udc _cANA |
||